| 000 | 00486nam a2200193Ia 4500 | ||
|---|---|---|---|
| 005 | 20251118164051.0 | ||
| 008 | 230125s9999 xx 000 0 und d | ||
| 041 | _aeng | ||
| 082 |
_a158.1 _bCHO |
||
| 100 |
_aChowdhary S _9215101 |
||
| 245 | _aThe Ice cream maker | ||
| 260 |
_c2005 _bcurrency Books _aNew York |
||
| 300 | _a115p | ||
| 500 | _aPersonality Development | ||
| 650 |
_aPersonality Development _9213420 |
||
| 700 |
_aChowdhary S _9215101 |
||
| 906 | _b19 | ||
| 942 | _cBK | ||
| 999 |
_c90517 _d90517 |
||